[Event "ODJM B 2025"]
[Site "Willingen GER"]
[Date "2025.06.11"]
[Round "5"]
[White "Petrow, Andre"]
[Black "Oblender, Rudi"]
[Result "1-0"]
[Termination "normal"]
[Board "12"]
[WhiteElo "1831"]
[BlackElo "1761"]
[WhiteClock "01:29:30"]
[BlackClock "01:28:08"]
[PlyCount "55"]
[WhiteFideId "34612815"]
[BlackFideId "34625089"]
[EventCountry "GER"]
[EventRounds "9"]
[EventType "swiss"]
[EventDate "2025.06.07"]

1. e4 {[%clk 01:30:58]} {[%emt 00:00:02]} c5 {[%clk 01:30:02]} {[%emt
00:00:58]} 2. Nf3 {[%clk 01:31:20]} {[%emt 00:00:07]} Nc6 {[%clk 01:30:26]}
{[%emt 00:00:06]} 3. Nc3 {[%clk 01:31:30]} {[%emt 00:00:20]} g6 {[%clk
01:30:52]} {[%emt 00:00:04]} 4. d4 {[%clk 01:31:41]} {[%emt 00:00:20]} cxd4
{[%clk 01:31:18]} {[%emt 00:00:04]} 5. Nxd4 {[%clk 01:32:07]} {[%emt 00:00:04]}
Bg7 {[%clk 01:31:43]} {[%emt 00:00:05]} 6. Nxc6 {[%clk 01:32:02]} {[%emt
00:00:35]} bxc6 {[%clk 01:32:07]} {[%emt 00:00:06]} 7. Bc4 {[%clk 01:32:26]}
{[%emt 00:00:06]} a5 {[%clk 01:32:14]} {[%emt 00:00:23]} 8. O-O {[%clk
01:32:43]} {[%emt 00:00:12]} Ba6 {[%clk 01:32:38]} {[%emt 00:00:06]} 9. Bxa6
{[%clk 01:32:46]} {[%emt 00:00:27]} Rxa6 {[%clk 01:33:03]} {[%emt 00:00:05]}
10. Qd3 {[%clk 01:33:05]} {[%emt 00:00:11]} Rb6 {[%clk 01:33:10]} {[%emt
00:00:24]} 11. Rd1 {[%clk 01:32:28]} {[%emt 00:01:07]} d6 {[%clk 01:33:20]}
{[%emt 00:00:19]} 12. Rb1 {[%clk 01:31:45]} {[%emt 00:01:13]} Qb8 {[%clk
01:32:33]} {[%emt 00:01:17]} 13. Be3 {[%clk 01:30:52]} {[%emt 00:01:24]} Rb7
{[%clk 01:27:39]} {[%emt 00:05:24]} 14. Qa6 {[%clk 01:29:42]} {[%emt 00:01:40]}
Qc7 {[%clk 01:27:18]} {[%emt 00:00:51]} 15. Na4 {[%clk 01:29:13]} {[%emt
00:00:58]} c5 {[%clk 01:27:31]} {[%emt 00:00:17]} 16. Nc3 {[%clk 01:28:00]}
{[%emt 00:01:43]} Ra7 {[%clk 01:25:12]} {[%emt 00:02:49]} 17. Nb5 {[%clk
01:27:06]} {[%emt 00:01:24]} Rxa6 {[%clk 01:24:56]} {[%emt 00:00:46]} 18. Nxc7+
{[%clk 01:27:30]} {[%emt 00:00:07]} Kd7 {[%clk 01:25:25]} 19. Nxa6 {[%clk
01:27:50]} {[%emt 00:00:10]} Nf6 {[%clk 01:25:45]} {[%emt 00:00:10]} 20. Nxc5+
{[%clk 01:27:55]} {[%emt 00:00:25]} Kc6 {[%clk 01:26:08]} {[%emt 00:00:07]} 21.
Nb3 {[%clk 01:28:14]} {[%emt 00:00:11]} a4 {[%clk 01:26:26]} {[%emt 00:00:12]}
22. Nd4+ {[%clk 01:28:37]} {[%emt 00:00:06]} Kd7 {[%clk 01:26:49]} {[%emt
00:00:07]} 23. e5 {[%clk 01:28:24]} {[%emt 00:00:44]} dxe5 {[%clk 01:27:02]}
{[%emt 00:00:17]} 24. Nf5+ {[%clk 01:28:46]} {[%emt 00:00:08]} Ke8 {[%clk
01:27:22]} {[%emt 00:00:10]} 25. Nxg7+ {[%clk 01:29:02]} {[%emt 00:00:14]} Kf8
{[%clk 01:27:48]} {[%emt 00:00:04]} 26. Bh6 {[%clk 01:29:17]} {[%emt 00:00:15]}
a3 {[%clk 01:27:50]} {[%emt 00:00:28]} 27. Ne6+ {[%clk 01:29:37]} {[%emt
00:00:10]} Ke8 {[%clk 01:28:08]} {[%emt 00:00:11]} 28. Rd8# {[%clk 01:29:30]}
{[%emt 00:00:06]} 1-0

[Event "ODJM B 2025"]
[Site "Willingen GER"]
[Date "2025.06.11"]
[Round "5"]
[White "Sniegowski, Richard"]
[Black "Jakob, Lucas"]
[Result "1-0"]
[Termination "normal"]
[Board "13"]
[WhiteElo "1887"]
[BlackElo "1687"]
[WhiteClock "00:17:13"]
[BlackClock "01:21:43"]
[PlyCount "115"]
[WhiteFideId "34664181"]
[BlackFideId "34687181"]
[EventCountry "GER"]
[EventRounds "9"]
[EventType "swiss"]
[EventDate "2025.06.07"]

1. e4 {[%clk 01:30:59]} {[%emt 00:00:01]} c5 {[%clk 01:30:55]} {[%emt
00:00:05]} 2. c3 {[%clk 01:31:26]} {[%emt 00:00:03]} d5 {[%clk 01:31:14]}
{[%emt 00:00:11]} 3. exd5 {[%clk 01:31:51]} {[%emt 00:00:05]} Qxd5 {[%clk
01:31:38]} {[%emt 00:00:05]} 4. Nf3 {[%clk 01:32:16]} {[%emt 00:00:06]} Bg4
{[%clk 01:31:59]} {[%emt 00:00:09]} 5. Be2 {[%clk 01:32:29]} {[%emt 00:00:16]}
Nf6 {[%clk 01:32:19]} {[%emt 00:00:10]} 6. O-O {[%clk 01:32:17]} {[%emt
00:00:43]} e6 {[%clk 01:32:40]} {[%emt 00:00:08]} 7. Na3 {[%clk 01:32:29]}
{[%emt 00:00:19]} Be7 {[%clk 01:32:37]} {[%emt 00:00:32]} 8. Nc2 {[%clk
01:23:22]} {[%emt 00:09:38]} Qd7 {[%clk 01:32:00]} {[%emt 00:01:06]} 9. d4
{[%clk 01:19:51]} {[%emt 00:04:01]} O-O {[%clk 01:31:56]} {[%emt 00:00:34]} 10.
Bg5 {[%clk 01:16:53]} {[%emt 00:03:28]} Ne4 {[%clk 01:30:01]} {[%emt 00:02:25]}
11. Bxe7 {[%clk 01:14:13]} {[%emt 00:03:10]} Qxe7 {[%clk 01:28:28]} {[%emt
00:02:03]} 12. Ne3 {[%clk 01:13:18]} {[%emt 00:01:26]} Bh5 {[%clk 01:28:32]}
{[%emt 00:00:25]} 13. Qc2 {[%clk 01:08:55]} {[%emt 00:04:54]} Bg6 {[%clk
01:28:07]} {[%emt 00:00:55]} 14. Bd3 {[%clk 01:09:12]} {[%emt 00:00:12]} Nf6
{[%clk 01:27:42]} {[%emt 00:00:56]} 15. Rad1 {[%clk 01:06:41]} {[%emt
00:03:01]} Bh5 {[%clk 01:25:21]} {[%emt 00:02:47]} 16. Be2 {[%clk 01:06:29]}
{[%emt 00:00:46]} Bg6 {[%clk 01:23:32]} {[%emt 00:02:20]} 17. Qb3 {[%clk
01:03:15]} {[%emt 00:03:43]} Ne4 {[%clk 01:22:15]} {[%emt 00:01:46]} 18. Ne5
{[%clk 00:59:46]} {[%emt 00:03:59]} Nc6 {[%clk 01:21:03]} {[%emt 00:01:43]} 19.
Nxg6 {[%clk 00:59:21]} {[%emt 00:00:54]} hxg6 {[%clk 01:19:28]} {[%emt
00:02:05]} 20. dxc5 {[%clk 00:59:38]} {[%emt 00:00:14]} Nxc5 {[%clk 01:19:40]}
{[%emt 00:00:18]} 21. Qc2 {[%clk 00:58:26]} {[%emt 00:01:41]} Rad8 {[%clk
01:18:22]} {[%emt 00:01:48]} 22. g3 {[%clk 00:50:08]} {[%emt 00:08:48]} Ne5
{[%clk 01:15:16]} {[%emt 00:03:37]} 23. Nc4 {[%clk 00:48:51]} {[%emt 00:01:46]}
Nxc4 {[%clk 01:14:12]} {[%emt 00:01:34]} 24. Bxc4 {[%clk 00:48:05]} {[%emt
00:01:16]} f5 {[%clk 01:11:56]} {[%emt 00:02:47]} 25. Qe2 {[%clk 00:35:34]}
{[%emt 00:13:00]} Kh7 {[%clk 01:06:44]} {[%emt 00:05:41]} 26. Rxd8 {[%clk
00:30:31]} {[%emt 00:05:34]} Rxd8 {[%clk 01:06:53]} 27. Rd1 {[%clk 00:30:41]}
{[%emt 00:00:42]} Rxd1+ {[%clk 01:06:29]} {[%emt 00:00:54]} 28. Qxd1 {[%clk
00:31:09]} Ne4 {[%clk 01:06:08]} {[%emt 00:00:48]} 29. Qd4 {[%clk 00:29:50]}
{[%emt 00:01:51]} b6 {[%clk 01:04:04]} {[%emt 00:02:36]} 30. f3 {[%clk
00:25:23]} {[%emt 00:04:55]} Ng5 {[%clk 01:02:37]} {[%emt 00:01:59]} 31. Qh4+
{[%clk 00:24:11]} {[%emt 00:01:41]} Kg8 {[%clk 01:02:58]} {[%emt 00:00:08]} 32.
Kf1 {[%clk 00:24:09]} {[%emt 00:00:34]} Kf7 {[%clk 01:02:35]} {[%emt 00:00:50]}
33. Qf4 {[%clk 00:22:11]} {[%emt 00:02:27]} Qc5 {[%emt 00:05:43]} 34. b4 {[%clk
00:18:22]} Qc6 {[%clk 01:01:27]} {[%emt 00:00:46]} 35. Be2 {[%clk 00:17:24]}
{[%emt 00:01:26]} Kf6 {[%clk 01:01:25]} {[%emt 00:00:34]} 36. Qd4+ {[%clk
00:17:10]} {[%emt 00:00:43]} Kf7 {[%clk 01:01:12]} {[%emt 00:00:44]} 37. Qf4
{[%clk 00:17:28]} {[%emt 00:00:12]} Nh7 {[%clk 00:59:35]} {[%emt 00:02:07]} 38.
c4 {[%clk 00:14:49]} {[%emt 00:03:09]} Nf6 {[%clk 00:59:09]} {[%emt 00:00:56]}
39. Qd4 {[%clk 00:13:41]} {[%emt 00:01:37]} Nd7 {[%clk 00:58:50]} {[%emt
00:00:50]} 40. Qd1 {[%clk 00:11:07]} {[%emt 00:03:03]} Kf6 {[%clk 00:57:24]}
{[%emt 00:01:57]} 41. a4 {[%clk 00:11:03]} {[%emt 00:00:34]} a6 {[%clk
00:57:12]} {[%emt 00:00:43]} 42. a5 {[%clk 00:10:09]} {[%emt 00:01:23]} bxa5
{[%clk 00:57:12]} {[%emt 00:00:30]} 43. Qa1+ {[%clk 00:09:49]} {[%emt
00:00:50]} Ne5 {[%clk 00:57:00]} {[%emt 00:00:42]} 44. bxa5 {[%clk 00:09:04]}
{[%emt 00:01:15]} g5 {[%clk 00:56:12]} {[%emt 00:01:18]} 45. Qd4 {[%clk
00:08:10]} {[%emt 00:01:23]} Qc7 {[%clk 00:55:36]} {[%emt 00:01:08]} 46. f4
{[%clk 00:07:10]} {[%emt 00:01:29]} gxf4 {[%clk 00:55:56]} {[%emt 00:00:11]}
47. gxf4 {[%clk 00:07:39]} {[%emt 00:00:01]} Qxa5 {[%clk 00:56:11]} {[%emt
00:00:14]} 48. c5 {[%clk 00:07:21]} {[%emt 00:00:48]} Qc7 {[%clk 00:56:10]}
{[%emt 00:00:31]} 49. Bxa6 {[%clk 00:05:51]} {[%emt 00:02:00]} g5 {[%clk
00:56:12]} {[%emt 00:00:28]} 50. fxe5+ {[%clk 00:03:57]} {[%emt 00:02:24]} Qxe5
{[%clk 00:56:35]} {[%emt 00:00:07]} 51. Qd8+ {[%clk 00:03:45]} {[%emt
00:00:42]} Kf7 {[%clk 00:56:48]} {[%emt 00:00:16]} 52. Qd7+ {[%clk 00:02:47]}
{[%emt 00:01:28]} Kf6 {[%clk 00:55:48]} {[%emt 00:01:30]} 53. c6 {[%clk
00:23:27]} {[%emt 00:09:51]} Qf4+ {[%clk 01:22:51]} {[%emt 00:03:28]} 54. Ke1
{[%clk 00:20:22]} {[%emt 00:03:35]} Qe3+ {[%clk 01:22:22]} {[%emt 00:00:58]}
55. Kd1 {[%clk 00:18:08]} {[%emt 00:02:43]} Qb3+ {[%clk 01:22:22]} {[%emt
00:00:31]} 56. Kd2 {[%clk 00:17:51]} {[%emt 00:00:47]} Qb2+ {[%clk 01:22:03]}
{[%emt 00:00:49]} 57. Kd3 {[%clk 00:17:45]} {[%emt 00:00:35]} Qc1 {[%clk
01:21:43]} {[%emt 00:00:51]} 58. Qd8+ {[%clk 00:17:13]} {[%emt 00:01:02]} 1-0

[Event "ODJM B 2025"]
[Site "Willingen GER"]
[Date "2025.06.11"]
[Round "5"]
[White "Lesser, Luan"]
[Black "Hofmann, Diego"]
[Result "0-1"]
[Termination "normal"]
[Board "14"]
[WhiteElo "1790"]
[BlackElo "1796"]
[WhiteClock "00:01:00"]
[BlackClock "00:15:17"]
[PlyCount "66"]
[WhiteFideId "34640150"]
[BlackFideId "16269020"]
[EventCountry "GER"]
[EventRounds "9"]
[EventType "swiss"]
[EventDate "2025.06.07"]

1. e4 {[%clk 01:30:59]} c5 {[%clk 01:30:55]} {[%emt 00:00:06]} 2. b4 {[%clk
01:31:13]} {[%emt 00:00:15]} cxb4 {[%clk 01:28:21]} {[%emt 00:03:04]} 3. a3
{[%clk 01:29:25]} {[%emt 00:02:18]} d5 {[%clk 01:27:19]} {[%emt 00:01:32]} 4.
e5 {[%clk 01:26:24]} {[%emt 00:03:32]} e6 {[%clk 01:26:16]} {[%emt 00:01:33]}
5. d4 {[%clk 01:26:26]} {[%emt 00:00:28]} Nc6 {[%clk 01:26:26]} {[%emt
00:00:19]} 6. Nf3 {[%clk 01:26:50]} {[%emt 00:00:07]} bxa3 {[%clk 01:25:53]}
{[%emt 00:01:03]} 7. c3 {[%clk 01:27:13]} {[%emt 00:00:07]} Nge7 {[%clk
01:21:32]} {[%emt 00:04:50]} 8. Bd3 {[%clk 01:27:18]} {[%emt 00:00:25]} Ng6
{[%clk 01:20:56]} {[%emt 00:01:06]} 9. h4 {[%clk 01:25:15]} {[%emt 00:02:33]}
Be7 {[%clk 01:18:35]} {[%emt 00:02:52]} 10. g3 {[%clk 01:11:49]} {[%emt
00:13:55]} Nf8 {[%clk 01:09:37]} {[%emt 00:09:28]} 11. Nxa3 {[%clk 01:08:07]}
{[%emt 00:04:13]} Bxa3 {[%clk 01:09:13]} {[%emt 00:00:54]} 12. Bxa3 {[%clk
01:08:28]} {[%emt 00:00:09]} h6 {[%clk 01:02:29]} {[%emt 00:07:13]} 13. h5
{[%clk 00:59:47]} {[%emt 00:09:11]} Nd7 {[%clk 01:00:47]} {[%emt 00:02:12]} 14.
Rh4 {[%clk 00:56:54]} {[%emt 00:03:22]} Ne7 {[%clk 00:55:07]} {[%emt 00:06:11]}
15. Rg4 {[%clk 00:54:30]} {[%emt 00:02:54]} O-O {[%clk 00:51:58]} {[%emt
00:03:40]} 16. Qd2 {[%clk 00:37:19]} {[%emt 00:17:40]} Kh8 {[%clk 00:50:21]}
{[%emt 00:02:07]} 17. Nh4 {[%clk 00:28:52]} {[%emt 00:08:58]} Nb6 {[%clk
00:43:31]} {[%emt 00:07:20]} 18. Bc1 {[%clk 00:21:36]} {[%emt 00:07:46]} Nf5
{[%clk 00:40:34]} {[%emt 00:03:27]} 19. Nxf5 {[%clk 00:14:23]} {[%emt
00:07:43]} exf5 {[%clk 00:40:30]} {[%emt 00:00:33]} 20. Rxg7 {[%clk 00:13:27]}
{[%emt 00:01:26]} Kxg7 {[%clk 00:37:15]} {[%emt 00:03:45]} 21. Qxh6+ {[%clk
00:13:55]} {[%emt 00:00:02]} Kg8 {[%clk 00:37:08]} {[%emt 00:00:37]} 22. Bg5
{[%clk 00:13:57]} {[%emt 00:00:28]} f6 {[%clk 00:36:56]} {[%emt 00:00:43]} 23.
exf6 {[%clk 00:07:35]} {[%emt 00:06:51]} Kf7 {[%clk 00:35:45]} {[%emt
00:01:40]} 24. Qh7+ {[%clk 00:03:04]} {[%emt 00:05:02]} Ke6 {[%clk 00:31:43]}
{[%emt 00:04:32]} 25. Qxf5+ {[%clk 00:02:00]} {[%emt 00:01:34]} Kd6 {[%clk
00:31:44]} {[%emt 00:00:29]} 26. Bf4+ {[%clk 00:00:53]} {[%emt 00:01:38]} Kc6
{[%clk 00:31:26]} {[%emt 00:00:48]} 27. Ra5 {[%clk 00:01:01]} {[%emt 00:00:22]}
Nc4 {[%clk 00:26:32]} {[%emt 00:05:22]} 28. Rc5+ {[%clk 00:01:29]} {[%emt
00:00:02]} Kb6 {[%clk 00:25:28]} {[%emt 00:01:35]} 29. Qh7 {[%clk 00:01:58]}
{[%emt 00:00:01]} Qe8+ {[%clk 00:18:40]} {[%emt 00:07:17]} 30. Kd1 {[%clk
00:01:07]} {[%emt 00:01:21]} Bg4+ {[%clk 00:15:41]} {[%emt 00:03:29]} 31. Kc2
{[%clk 00:00:39]} {[%emt 00:00:58]} Qa4+ {[%clk 00:15:55]} {[%emt 00:00:17]}
32. Kc1 {[%clk 00:00:44]} {[%emt 00:00:25]} Qa3+ {[%clk 00:16:12]} {[%emt
00:00:13]} 33. Kc2 {[%clk 00:01:00]} {[%emt 00:00:12]} Qb2# {[%clk 00:15:17]}
{[%emt 00:00:13]} 0-1

[Event "ODJM B 2025"]
[Site "Willingen GER"]
[Date "2025.06.11"]
[Round "5"]
[White "Mai, Mariella"]
[Black "Schächtelin, Jakob"]
[Result "1/2-1/2"]
[Termination "normal"]
[Board "15"]
[WhiteElo "1738"]
[BlackElo "1811"]
[WhiteClock "00:03:33"]
[BlackClock "00:06:11"]
[PlyCount "61"]
[WhiteFideId "16281780"]
[BlackFideId "34620834"]
[EventCountry "GER"]
[EventRounds "9"]
[EventType "swiss"]
[EventDate "2025.06.07"]

1. Nf3 {[%clk 01:30:57]} {[%emt 00:00:02]} d5 {[%clk 01:30:56]} {[%emt
00:00:04]} 2. b3 {[%clk 01:31:12]} {[%emt 00:00:15]} Bf5 {[%clk 01:31:22]}
{[%emt 00:00:04]} 3. e3 {[%clk 01:30:50]} {[%emt 00:00:52]} Nf6 {[%clk
01:31:21]} {[%emt 00:00:30]} 4. Bb2 {[%clk 01:30:16]} {[%emt 00:01:05]} e6
{[%clk 01:31:44]} {[%emt 00:00:07]} 5. Be2 {[%clk 01:30:26]} {[%emt 00:00:20]}
h6 {[%clk 01:32:04]} {[%emt 00:00:10]} 6. a3 {[%clk 01:26:01]} {[%emt
00:04:56]} Bd6 {[%clk 01:29:44]} {[%emt 00:02:49]} 7. d4 {[%clk 01:23:44]}
{[%emt 00:02:47]} O-O {[%clk 01:29:26]} {[%emt 00:00:48]} 8. O-O {[%clk
01:22:54]} {[%emt 00:01:21]} Nbd7 {[%clk 01:29:17]} {[%emt 00:00:38]} 9. c4
{[%clk 01:22:19]} {[%emt 00:01:06]} c6 {[%clk 01:29:11]} {[%emt 00:00:35]} 10.
Nbd2 {[%clk 01:15:30]} {[%emt 00:07:18]} a5 {[%clk 01:21:39]} {[%emt 00:08:04]}
11. Re1 {[%clk 01:07:38]} {[%emt 00:08:21]} Qe7 {[%clk 01:06:40]} {[%emt
00:15:29]} 12. Ne5 {[%clk 00:56:37]} {[%emt 00:11:31]} Ne4 {[%clk 00:57:30]}
{[%emt 00:09:39]} 13. Nxd7 {[%clk 00:45:09]} {[%emt 00:11:59]} Qxd7 {[%clk
00:57:27]} {[%emt 00:00:32]} 14. Nxe4 {[%clk 00:43:56]} {[%emt 00:01:43]} Bxe4
{[%clk 00:56:12]} {[%emt 00:01:45]} 15. Bf1 {[%clk 00:42:21]} {[%emt 00:02:07]}
b5 {[%clk 00:50:07]} {[%emt 00:06:35]} 16. f3 {[%clk 00:37:08]} {[%emt
00:05:42]} Bh7 {[%clk 00:46:47]} {[%emt 00:03:48]} 17. Qd2 {[%clk 00:32:12]}
{[%emt 00:05:28]} a4 {[%clk 00:42:02]} {[%emt 00:05:14]} 18. c5 {[%clk
00:29:47]} {[%emt 00:02:56]} Be7 {[%clk 00:39:54]} {[%emt 00:02:37]} 19. b4
{[%clk 00:30:09]} {[%emt 00:00:09]} Bg5 {[%clk 00:38:10]} {[%emt 00:02:13]} 20.
Rad1 {[%clk 00:28:53]} {[%emt 00:01:47]} Qc7 {[%clk 00:35:04]} {[%emt
00:03:36]} 21. Qf2 {[%clk 00:24:25]} {[%emt 00:04:58]} Bf6 {[%clk 00:26:30]}
{[%emt 00:09:03]} 22. e4 {[%clk 00:18:08]} {[%emt 00:06:48]} Rad8 {[%clk
00:23:57]} {[%emt 00:03:02]} 23. e5 {[%clk 00:14:54]} {[%emt 00:03:45]} Be7
{[%clk 00:23:14]} {[%emt 00:01:13]} 24. Qe3 {[%clk 00:14:39]} {[%emt 00:00:45]}
Rde8 {[%clk 00:17:03]} {[%emt 00:06:40]} 25. g3 {[%clk 00:11:43]} {[%emt
00:03:26]} Bf5 {[%clk 00:14:32]} {[%emt 00:03:01]} 26. g4 {[%clk 00:10:11]}
{[%emt 00:02:03]} Bh7 {[%clk 00:14:49]} {[%emt 00:00:12]} 27. Bh3 {[%clk
00:09:33]} {[%emt 00:01:09]} Bh4 {[%clk 00:13:07]} {[%emt 00:02:10]} 28. Rf1
{[%clk 00:08:41]} {[%emt 00:01:23]} f5 {[%clk 00:08:58]} {[%emt 00:04:39]} 29.
Bg2 {[%clk 00:05:19]} {[%emt 00:03:53]} Bg5 {[%clk 00:06:38]} {[%emt 00:02:48]}
30. f4 {[%clk 00:04:25]} {[%emt 00:01:26]} Bh4 {[%clk 00:06:11]} {[%emt
00:00:57]} 31. g5 {[%clk 00:03:33]} {[%emt 00:01:21]} 1/2-1/2

[Event "ODJM B 2025"]
[Site "Willingen GER"]
[Date "2025.06.11"]
[Round "5"]
[White "Gretzinger, Maximilian"]
[Black "Engelhaupt, Henry"]
[Result "1/2-1/2"]
[Termination "normal"]
[Board "16"]
[WhiteElo "1710"]
[BlackElo "1825"]
[WhiteClock "00:20:54"]
[BlackClock "00:52:36"]
[PlyCount "55"]
[WhiteFideId "34694960"]
[BlackFideId "34644814"]
[EventCountry "GER"]
[EventRounds "9"]
[EventType "swiss"]
[EventDate "2025.06.07"]

1. e4 {[%clk 01:30:58]} {[%emt 00:00:02]} e5 {[%clk 01:30:56]} {[%emt
00:00:05]} 2. Nf3 {[%clk 01:31:21]} {[%emt 00:00:07]} Nc6 {[%clk 01:31:23]}
{[%emt 00:00:03]} 3. Bc4 {[%clk 01:31:45]} {[%emt 00:00:06]} Nf6 {[%clk
01:31:49]} {[%emt 00:00:04]} 4. d3 {[%clk 01:31:58]} {[%emt 00:00:17]} Bc5
{[%clk 01:32:15]} {[%emt 00:00:04]} 5. c3 {[%clk 01:32:10]} {[%emt 00:00:18]}
a6 {[%clk 01:32:39]} {[%emt 00:00:05]} 6. b4 {[%clk 01:31:44]} {[%emt
00:00:56]} Ba7 {[%clk 01:33:01]} {[%emt 00:00:09]} 7. O-O {[%clk 01:31:11]}
{[%emt 00:01:03]} d6 {[%clk 01:33:14]} {[%emt 00:00:17]} 8. Be3 {[%clk
01:29:07]} {[%emt 00:02:32]} Bxe3 {[%clk 01:32:39]} {[%emt 00:01:06]} 9. fxe3
{[%clk 01:29:26]} {[%emt 00:00:12]} h6 {[%clk 01:32:57]} {[%emt 00:00:12]} 10.
Nbd2 {[%clk 01:29:05]} {[%emt 00:00:51]} Qe7 {[%clk 01:32:32]} {[%emt
00:00:55]} 11. a4 {[%clk 01:27:00]} {[%emt 00:02:35]} O-O {[%clk 01:32:38]}
{[%emt 00:00:24]} 12. Qe2 {[%clk 01:24:54]} {[%emt 00:02:35]} Be6 {[%clk
01:31:06]} {[%emt 00:02:02]} 13. h3 {[%clk 01:20:49]} {[%emt 00:04:35]} Rad8
{[%clk 01:28:22]} {[%emt 00:03:15]} 14. b5 {[%clk 01:10:25]} {[%emt 00:10:54]}
Na5 {[%clk 01:27:00]} {[%emt 00:01:52]} 15. Bxe6 {[%clk 01:09:52]} {[%emt
00:01:02]} Qxe6 {[%clk 01:27:16]} {[%emt 00:00:15]} 16. c4 {[%clk 01:09:47]}
{[%emt 00:00:35]} axb5 {[%clk 01:22:14]} {[%emt 00:05:32]} 17. axb5 {[%clk
01:06:30]} {[%emt 00:03:46]} b6 {[%clk 01:21:37]} {[%emt 00:01:07]} 18. Nh4
{[%clk 00:59:49]} {[%emt 00:07:11]} g6 {[%clk 01:16:51]} {[%emt 00:05:17]} 19.
Rf3 {[%clk 00:52:14]} {[%emt 00:08:04]} Qe7 {[%clk 01:11:09]} {[%emt 00:06:12]}
20. Qf2 {[%clk 00:49:14]} {[%emt 00:03:30]} Nd7 {[%clk 01:08:50]} {[%emt
00:02:49]} 21. g4 {[%clk 00:45:51]} {[%emt 00:03:52]} Nc5 {[%clk 01:06:45]}
{[%emt 00:02:36]} 22. Ra3 {[%clk 00:44:36]} {[%emt 00:01:45]} Ne6 {[%clk
01:06:01]} {[%emt 00:01:15]} 23. Rc3 {[%clk 00:40:49]} {[%emt 00:04:16]} Ng5
{[%clk 01:04:37]} {[%emt 00:01:54]} 24. Rg3 {[%clk 00:33:29]} {[%emt 00:07:51]}
Rde8 {[%clk 00:57:31]} {[%emt 00:07:36]} 25. Nhf3 {[%clk 00:26:50]} {[%emt
00:07:08]} Ne6 {[%clk 00:55:15]} {[%emt 00:02:46]} 26. h4 {[%clk 00:25:33]}
{[%emt 00:01:46]} Ng7 {[%clk 00:54:26]} {[%emt 00:01:19]} 27. Qg2 {[%clk
00:23:02]} {[%emt 00:03:01]} Kh7 {[%clk 00:52:36]} {[%emt 00:02:21]} 28. Rc1
{[%clk 00:20:54]} {[%emt 00:02:38]} 1/2-1/2